Nowi pracownicy a kultura organizacyjna Studium folkloru fabrycznego

Saved in:
Bibliographic Details
Main Author: Konecki, Krzysztof
Format: Book
Language:Polish
English
Published: Lódz Wydawnictwo Uniwersytetu Lódzkiego 1992
Edition:1. wyd.
Series:Folia Sociologica 24
Subjects:
Tags: Add Tag
No Tags, Be the first to tag this record!

MARC

LEADER 00000nam a2200000 4500
001 c014167
005 20221206083423.1
041 0 |a pol 
041 0 |a eng 
044 |a PL 
245 1 0 |a Nowi pracownicy a kultura organizacyjna  |b Studium folkloru fabrycznego  |c Krzysztof Konecki 
250 |a 1. wyd. 
264 1 |a Lódz  |b Wydawnictwo Uniwersytetu Lódzkiego  |c 1992 
300 |a 191 s. 
490 1 |a Folia Sociologica  |v 24 
830 0 |a Folia Sociologica  |v 24 
610 2 0 |a práca 
610 2 0 |a pracovníci 
610 2 0 |a spolupracovníci 
610 2 0 |a podnik 
610 2 0 |a podnik priemyselný 
610 2 0 |a výskum sociologický 
610 2 0 |a vzťahy medziľudské 
610 2 0 |a vzťah k práci 
610 2 0 |a vzťahy pracovné 
610 2 0 |a kultúra 
610 2 0 |a organizácia 
610 2 0 |a zamestnanci 
100 1 |a Konecki, Krzysztof